| 000 | 00499 a2200169 4500 | ||
|---|---|---|---|
| 999 |
_c26538 _d26538 |
||
| 008 | 230628b ||||| |||| 00| 0 eng d | ||
| 020 |
_a9781908833846 _cGBP110.00 |
||
| 041 | 0 | _aeng | |
| 082 | 0 | 0 |
_a343.096 _bI17 |
| 110 |
_92796 _aInstitute of Chartered Shipbrokers |
||
| 245 | _aLegal Principles in Shipping Business / | ||
| 250 | _a2016 edition. | ||
| 260 |
_aLondon : _bInstitute of Chartered Shipbrokers, _c2016. |
||
| 300 |
_ax, 362 p. ; _c30 cm. |
||
| 650 | 0 | _aMaritime Law | |
| 942 |
_2ddc _cBK |
||